The beginnings of Japanese art/ (Record no. 27518)

000 -LEADER
fixed length control field 01163cam a2200337 4500
001 - CONTROL NUMBER
control field 1715855
005 - DATE AND TIME OF LATEST TRANSACTION
control field 20170208162644.0
008 - FIXED-LENGTH DATA ELEMENTS--GENERAL INFORMATION
fixed length control field 730102s1973 nyua 000 0 eng
010 ## - LIBRARY OF CONGRESS CONTROL NUMBER
LC control number 72078599
020 ## - INTERNATIONAL STANDARD BOOK NUMBER
International Standard Book Number 0834810069
040 ## - CATALOGING SOURCE
Original cataloging agency DLC
Transcribing agency DLC
Modifying agency DLC
041 1# - LANGUAGE CODE
Language code of text/sound track or separate title eng
Language code of original jpn
043 ## - GEOGRAPHIC AREA CODE
Geographic area code a-ja---
050 00 - LIBRARY OF CONGRESS CALL NUMBER
Classification number NK4167
Item number .E3213
100 1# - MAIN ENTRY--PERSONAL NAME
Personal name Egami, Namio,
Dates associated with a name 1906-2002.
240 10 - UNIFORM TITLE
Uniform title <a href="Nihon bijutsu no tanjo.">Nihon bijutsu no tanjo.</a>
Language of a work English
245 14 - TITLE STATEMENT
Title The beginnings of Japanese art/
Statement of responsibility, etc. With supplementary chapters by Teruya Esaka and Ken Amakasu. Translated by John Bester.
250 ## - EDITION STATEMENT
Edition statement [1st English ed.]
260 ## - PUBLICATION, DISTRIBUTION, ETC. (IMPRINT)
Place of publication, distribution, etc. New York :
Name of publisher, distributor, etc. Weatherhill,
Date of publication, distribution, etc. [1973]
300 ## - PHYSICAL DESCRIPTION
Extent 178 p. :
Other physical details illus. (part col.) ;
Dimensions 24 cm.
440 #4 - SERIES STATEMENT/ADDED ENTRY--TITLE
Title The Heibonsha survey of Japanese art,
Volume/sequential designation 2
500 ## - GENERAL NOTE
General note Translation of Nihon bijutsu no tanjo.
650 #0 - SUBJECT ADDED ENTRY--TOPICAL TERM
Topical term or geographic name as entry element Pottery, Jōmon
General subdivision Japan.
650 #0 - SUBJECT ADDED ENTRY--TOPICAL TERM
Topical term or geographic name as entry element Pottery, Yayoi.
650 #0 - SUBJECT ADDED ENTRY--TOPICAL TERM
Topical term or geographic name as entry element Pottery, Japanese.
650 #0 - SUBJECT ADDED ENTRY--TOPICAL TERM
Topical term or geographic name as entry element Terra-cotta sculpture, Japanese.
906 ## - LOCAL DATA ELEMENT F, LDF (RLIN)
a 7
b cbc
c orignew
d 1
e opcn
f 19
g y-gencatlg
942 ## - ADDED ENTRY ELEMENTS (KOHA)
Source of classification or shelving scheme
Koha item type Hard Covered Materials
Classification part NK 4167 .E3213 1973
Holdings
Withdrawn status Lost status Source of classification or shelving scheme Damaged status Not for loan Home library Current library Shelving location Date acquired Source of acquisition Total Checkouts Full call number Barcode Date last seen Price effective from Koha item type
          MACHAKOS UNIVERSITY LIBRARY MACHAKOS UNIVERSITY LIBRARY Technical section 08/02/2017 Donation (B.F.A)   NK 4167 .E3213 1973 32936 10/07/2018 08/02/2017 Hard Covered Materials
© Machakos University Library, Along The Highway, Machakos Wote Rd, Machakos, Kenya P.O. Box 136 - 90100 Machakos - Kenya

Tel: ( +254 ) 723 805829 OR Fax : 044-20353 OR Email: library@mksu.ac.ke